Vème République - Statistiques

Statistiques générales
  • Ce quiz a été pris 47 fois
  • Le résultat moyen est 6 sur 15
Statistiques - réponses
Dates Réponses % Correct
1954-1962 Guerre d'Algérie
83%
1944 Droit de vote des femmes
78%
1974 Droit de vote à 18 ans (anciennement 21 ans)
50%
1975 Loi sur l'IVG (Simone Veil)
50%
1950 SMIC
50%
2004 Charte sur l'environnement
44%
2000 Loi sur la parité Hommes / Femmes
39%
1974 Garantie de ressources pour les chômeurs
28%
1982 Lois Auroux et sur la décentralisation (meilleurs droits de travail)
28%
1985 Premiers BAC PRO
28%
1958 Proclamation de la Veme République
28%
1968 Révolte Étudiante Ouvrière
28%
1975 Reforme HABY (6ème, 5ème...)
17%
1962 Président élu au Suffrage Universel Direct
11%
1992 Traité de Maastricht
11%
Aucun quiz correspondant
Distribution des résultats
% des personnes avec chaque résultat
Percentile par nombre de réponses
Votre historique - résultats
Vous n’avez pas pris ce quiz